000 00534nam a2200157 a 4500
008 120416s1933 ||||||||||||||||| || u
050 _aQA 533 Har
100 _aHart, William L
245 1 0 _aPlane trigonometry
260 _aBoston
_bHealth & Co
_c1933
300 _av,124p.:ill.
350 _a0.00
650 0 _aMATHEMATICS--HANDBOOKS, MANUALS, ETC
650 _aPLANE TRIGONOMETRY
995 _D0.00
_FCBU-MAIN LIBRARY (Kitwe)
_H1
_I5.95
_M1
_UDAMAGED
_ZMain Library Open Access Collection
999 _c53670
_d53670